Score 0/18 Timer 02:00
0 Plays Today
Hint Missing Word % Correct
Singin' in the _____Rain
99.1%
_____ PoppinsMary
98.9%
Saturday _____ FeverNight
98.3%
_____ Side StoryWest
98%
The Sound of _____Music
95.8%
_____ DancingDirty
92.4%
2001: A _____ OdysseySpace
90.8%
_____FictionPulp
90.5%
A _____ Day's NightHard
84.8%
Hint Missing Word % Correct
Sixteen _____Candles
81.8%
O _____, Where Art Thou?Brother
80.5%
_____ GraffitiAmerican
71.4%
The _____ ChillBig
70.6%
This Is ______ TapSpinal
69.2%
_____ RainPurple
61.2%
Easy _____Rider
57.4%
Garden _____State
45.7%
The Harder They _____Come
34.5%

Today's Daily Dose

Remove Ads.
Support Sporcle.
Get the best of Sporcle when you Go Orange. This ad-free experience offers more features, more stats, and more fun while also helping to support Sporcle. Thank you for becoming a member.

You're not logged in!

Compare scores with friends on all Sporcle quizzes.
OR
Log In

Show Comments

Extras

Top Quizzes Today


Score Distribution

Your Account Isn't Verified!

In order to create a playlist on Sporcle, you need to verify the email address you used during registration. Go to your Sporcle Settings to finish the process.

Report this User

Report this user for behavior that violates our Community Guidelines.

Details: